000 00214nam a2200097 4500
999 _c529893
_d529893
040 _cDLC
082 _a070.442
_bTAR
100 _aTarar, Mustansar Hussain
_93135
245 _aShatar Murgh Riyasat
942 _2ddc
_cBK